[Event "12th ch-EUR"]
[Site "Aix-les-Bains FRA"]
[Date "2011.03.23"]
[Round "2"]
[White "Georgiev, Kiril"]
[Black "Le Roux, Jean-Pierre"]
[Result "1/2-1/2"]
[WhiteTitle "GM"]
[BlackTitle "GM"]
[WhiteElo "2666"]
[BlackElo "2538"]
[WhiteFideId "2900017"]
[BlackFideId "609404"]
[EventDate "2011.03.21"]

1. d4 Nf6 2. c4 g6 3. Nc3 d5 4. Bf4 Bg7 5. e3 O-O 6. Rc1 Be6 7. Qb3 c5 8. Qxb7
Qb6 9. Qxb6 axb6 10. Nf3 dxc4 11. dxc5 Nd5 12. Nxd5 Bxd5 13. Bxc4 Bxc4 14. Rxc4
Rxa2 15. O-O bxc5 16. Rxc5 Na6 17. Rd5 Rxb2 18. g4 Rb7 19. Rfd1 f6 20. Bg3 Rc8
21. h4 Kf7 22. Kg2 Nb4 23. R5d4 Nc6 24. R4d2 Na5 25. Rd5 Nc4 26. Kh3 Na3 27. Ra5
Nb5 28. Rd3 Nc3 29. Nd2 Ne2 30. Bh2 Nc1 31. Rda3 Rd8 32. Nc4 Rb4 33. Rc3 Nd3 34.
Nd6+ Rxd6 35. Bxd6 Nxf2+ 36. Kg2 Rb2 37. Ba3 Ra2 38. Rc7 Rxa3 39. Rxa3 Nxg4 40.
e4 h5 41. Raa7 Bf8 42. Kg3 Ne5 43. Rab7 Ng4 44. Rc8 Ne5 45. Rd8 Nc6 46. Rd5 Ne5
47. Rb1 Ng4 48. Kf3 Bh6 49. Rb3 Bf8 50. Rc5 Bh6 51. Rbb5 Bg7 52. Ke2 Ne5 53. Rb1
Ng4 54. Rf1 Ke6 55. Ra5 Ne5 56. Ra6+ Kf7 57. Ke3 Bh6+ 58. Kd4 Ng4 59. Rf3 Bd2
60. Ra1 Bh6 61. Kd5 Ne3+ 62. Kc5 Ng4 63. Rb3 Be3+ 64. Kc6 Bd4 65. Ra2 Bf2 66.
Rb7 Bxh4 67. Raa7 f5 68. Kd5 Bf6 69. Ra3 Ne5 70. Re3 1/2-1/2